000 00593nam a2200253Ia 4500
005 20260121154546.0
008 008 260114s9999 xx 000 0 eng d
020 _a9780429286582
037 _aEBOOK
040 _aCRL
040 _beng
040 _cCRL
041 _2eng
041 _aeng
084 _qCRL
100 _a Milan Vego
_91008703
245 0 _aExercising Control of the Sea
260 _bTaylor and Francis
260 _c2022
856 _uhttp://www.taylorfrancis.com/books/9780429286582
942 _cEBOOK
999 _c1575524
_d1575524